000 00520nam a22001937a 4500
003 OSt
005 20140310182025.0
008 130220t xxu||||| |||| 00| 0 eng d
020 _a9780853697251
050 _aRS 403
_b.At886 2008
100 _aDavid Attwood.
_98314
245 _aPhysical Pharmacy :
_cDavid Attwood.
260 _aLondon :
_bPharmaceutical Press,
_cc2008.
300 _a286 p.
_c23 cm.
_bill. col. ;
440 _aFasttrack
_98315
650 _aPharmacy
_97408
942 _2lcc
_cSSLC
999 _c8458
_d8458